[Event "Mislata op 56th"]
[Site "Mislata"]
[Date "2023.08.17"]
[Round "6"]
[White "Jimenez Lopez, Antonio"]
[Black "Cherkasov, Boris"]
[Result "0-1"]
[WhiteElo "2226"]
[BlackElo "1971"]
[PlyCount "98"]
[EventDate "2023.08.14"]
[EventType "swiss"]
[EventRounds "9"]
[EventCountry "ESP"]
[SourceTitle "CBM 215 Extra"]
[Source "ChessBase"]
[SourceDate "2023.09.30"]
[SourceVersion "1"]
[SourceVersionDate "2023.09.30"]
[SourceQuality "1"]

1. e4 c5 2. Nf3 Nc6 3. d4 cxd4 4. Nxd4 Nf6 5. Nc3 g6 6. Be3 Bg7 7. Bc4 0-0 8. Bb3 Re8 9. Nxc6 dxc6 10. Qxd8 Rxd8 11. a4 Ng4 12. Bg5 b6 13. f3 Bf6 14. Bxf6 Nxf6 15. a5 Ba6 16. axb6 axb6 17. g3 e5 18. Kf2 Nd7 19. Rhd1 Nc5 20. Ke3 Kf8 21. Na4 Rxd1 22. Rxd1 Nxa4 23. Bxa4 b5 24. Bb3 Ke7 25. h4 Bc8 26. h5 Be6 27. Bxe6 Kxe6 28. hxg6 fxg6 29. b3 h5 30. Rh1 Rh8 31. f4 Kf6 32. Kf3 exf4 33. gxf4 g5 34. fxg5+ Kxg5 35. Rg1+ Kf6 36. Kf4 h4 37. e5+ Kf7 38. Ke4 Rh6 39. Kd4 Ke6 40. c4 bxc4 41. bxc4 h3 42. Kc5 h2 43. Rh1 Rh4 44. Kb6 Kxe5 45. c5 Kd5 46. Rd1+ Rd4 47. Rh1 Rb4+ 48. Kc7 Rb2 49. Rc1 Rg2 0-1

[Event "Madrid-chT 1819"]
[Site "Madrid"]
[Date "2019.01.19"]
[Round "6.2"]
[White "Jimenez Lopez, Antonio"]
[Black "Gallardo Garcia, Andres"]
[Result "1-0"]
[WhiteElo "2202"]
[BlackElo "2331"]
[PlyCount "111"]
[EventDate "2018.11.17"]
[EventType "team-tourn"]
[EventRounds "14"]
[EventCountry "ESP"]
[SourceTitle "CBM 189 Extra"]
[Source "ChessBase"]
[SourceDate "2019.06.03"]
[SourceVersion "1"]
[SourceVersionDate "2019.06.03"]
[SourceQuality "1"]
[WhiteTeam "San Fernando de Henares"]
[BlackTeam "Alcorcon"]
[WhiteTeamCountry "ESP"]
[BlackTeamCountry "ESP"]

1. e4 c6 2. d4 d5 3. Nd2 dxe4 4. Nxe4 Bf5 5. Ng3 Bg6 6. h4 h6 7. Nf3 Nd7 8. h5 Bh7 9. Bd3 Bxd3 10. Qxd3 e6 11. Bd2 Ngf6 12. 0-0-0 Be7 13. Kb1 0-0 14. Ne4 c5 15. Bc1 Qb6 16. Ne5 cxd4 17. Nxf6+ Nxf6 18. g4 Qc5 19. f4 Qd5 20. g5 hxg5 21. h6 Qe4 22. hxg7 Rfc8 23. fxg5 Qxd3 24. Rxd3 Nh7 25. Rf3 f5 26. Rfh3 Nxg5 27. Bxg5 Bxg5 28. Rg3 Kxg7 29. Rxg5+ Kf6 30. Nf3 Rg8 31. Rh6+ Ke7 32. Kc1 Rh8 33. Rg7+ Kd6 34. Rxh8 Rxh8 35. Nxd4 Ke5 36. c3 f4 37. Rxb7 Rh6 38. Re7 Kd6 39. Rxa7 Rh1+ 40. Kc2 e5 41. Ra6+ Kd5 42. Ra5+ Kd6 43. Nf3 e4 44. Ng5 Rh2+ 45. Kc1 e3 46. Rf5 Rf2 47. Kd1 Rxb2 48. Rxf4 Rxa2 49. Re4 Rg2 50. Nf3 Kc5 51. Rxe3 Kc4 52. Nd2+ Kc5 53. Kc2 Rh2 54. Rg3 Kd5 55. Kd3 Kc5 56. Rg5+ 1-0

[Event "Madrid-chT 1516"]
[Site "Madrid"]
[Date "2016.02.28"]
[Round "12.42"]
[White "Gallego Jimenez, Victoriano"]
[Black "Jimenez Lopez, Antonio"]
[Result "1-0"]
[WhiteElo "2362"]
[BlackElo "2142"]
[PlyCount "143"]
[EventDate "2015.11.22"]
[EventType "team-tourn"]
[EventRounds "14"]
[EventCountry "ESP"]
[SourceTitle "EXT 2017"]
[Source "ChessBase"]
[SourceDate "2016.10.25"]
[SourceVersion "1"]
[SourceVersionDate "2016.10.25"]
[SourceQuality "1"]
[WhiteTeam "La Casa del Ajedrez"]
[BlackTeam "San Fernando de Henares"]
[WhiteTeamCountry "ESP"]
[BlackTeamCountry "ESP"]

1. d4 Nf6 2. c4 g6 3. Nf3 Bg7 4. g3 d6 5. Bg2 0-0 6. 0-0 Nbd7 7. Nc3 e5 8. e4 Re8 9. Re1 exd4 10. Nxd4 a6 11. b3 Rb8 12. Bb2 h6 13. h3 c5 14. Nc2 b5 15. cxb5 axb5 16. Qxd6 Rb6 17. Qd2 Bb7 18. e5 Nh5 19. Nd5 Nxe5 20. Rad1 Bxd5 21. Bxd5 Rd6 22. Bxe5 Bxe5 23. Rxe5 Rxe5 24. Bxf7+ Kxf7 25. Qxd6 Qxd6 26. Rxd6 Re2 27. Na3 b4 28. Nc4 Nf6 29. Rd2 Re1+ 30. Kg2 Ne4 31. Rb2 Ra1 32. Ne5+ Ke6 33. Nxg6 Nc3 34. Nf4+ Ke5 35. Rd2 Rxa2 36. Rd8 Ne4 37. Nd3+ Kf6 38. Rd5 Rd2 39. Kf3 Nc3 40. Rd7 c4 41. bxc4 b3 42. Ke3 b2 43. Kxd2 b1Q 44. Kxc3 Qa1+ 45. Kb4 Ke6 46. Rd5 Qh1 47. Kc5 Ke7 48. h4 Qa1 49. Re5+ Kd7 50. Kd5 Qa8+ 51. Kd4 Qa1+ 52. Ke3 Qc3 53. c5 Kc6 54. Re6+ Kd5 55. Rxh6 Qd4+ 56. Kd2 Ke4 57. Rd6 Qa4 58. Ke2 Qc2+ 59. Kf1 Qd1+ 60. Ne1 Qa1 61. Kg2 Kf5 62. Nf3 Qa3 63. Rd5+ Kf6 64. Re5 Qa8 65. g4 Qc8 66. Rg5 Qa8 67. h5 Kf7 68. Rg6 Ke7 69. c6 Qa5 70. h6 Qc3 71. c7 Kd7 72. h7 1-0

[Event "Madrid-chT 1314"]
[Site "Madrid"]
[Date "2014.03.01"]
[Round "12.24"]
[White "Martin Rueda, Daniel"]
[Black "Jimenez Lopez, Antonio"]
[Result "1-0"]
[WhiteElo "2315"]
[BlackElo "2107"]
[PlyCount "57"]
[EventDate "2013.11.16"]
[EventType "team-tourn"]
[EventRounds "14"]
[EventCountry "ESP"]
[SourceTitle "EXT 2015"]
[Source "ChessBase"]
[SourceDate "2014.11.20"]
[SourceVersion "1"]
[SourceVersionDate "2014.11.20"]
[SourceQuality "1"]
[WhiteTeam "Liberty Chess"]
[BlackTeam "San Fernando de Henares"]
[WhiteTeamCountry "ESP"]
[BlackTeamCountry "ESP"]

1. e4 c5 2. Nf3 e6 3. d4 cxd4 4. Nxd4 Nf6 5. Nc3 Nc6 6. Nxc6 bxc6 7. e5 Nd5 8. Ne4 Qc7 9. f4 Qa5+ 10. Bd2 Qb6 11. c4 Qd4 12. Qf3 Qxb2 13. Rd1 Nb4 14. Bd3 Qd4 15. Bc3 Nxd3+ 16. Rxd3 Qxc4 17. 0-0 Rb8 18. f5 exf5 19. Qxf5 Qe6 20. Qf2 Be7 21. Nd6+ Bxd6 22. exd6 0-0 23. Re1 Qh6 24. Rh3 Qxd6 25. Be5 Qb4 26. Rb3 Qxe1+ 27. Qxe1 Rxb3 28. axb3 d5 29. Bd6 1-0

[Event "Madrid-chT 1314"]
[Site "Madrid"]
[Date "2014.02.08"]
[Round "9.13"]
[White "Jimenez Lopez, Antonio"]
[Black "Rudolf, Anna"]
[Result "1/2-1/2"]
[WhiteElo "2107"]
[BlackElo "2281"]
[PlyCount "68"]
[EventDate "2013.11.16"]
[EventType "team-tourn"]
[EventRounds "14"]
[EventCountry "ESP"]
[SourceTitle "EXT 2015"]
[Source "ChessBase"]
[SourceDate "2014.11.20"]
[SourceVersion "1"]
[SourceVersionDate "2014.11.20"]
[SourceQuality "1"]
[WhiteTeam "San Fernando de Henares"]
[BlackTeam "Virgen de Atocha"]
[WhiteTeamCountry "ESP"]
[BlackTeamCountry "ESP"]

1. e4 e6 2. d3 d5 3. Nd2 Nf6 4. Ngf3 Nc6 5. Be2 dxe4 6. dxe4 e5 7. 0-0 Bd6 8. c3 0-0 9. Qc2 Qe7 10. Nc4 Rd8 11. Bg5 h6 12. Be3 b6 13. Rad1 Bb7 14. Nh4 Qe6 15. f3 Ne7 16. g4 Bc5 17. Bxc5 bxc5 18. Rxd8+ Rxd8 19. Rd1 Rd7 20. b3 g6 21. Ng2 Kg7 22. Nce3 Ba6 23. Bc4 Bxc4 24. Nxc4 Nc8 25. Rxd7 Nxd7 26. Nge3 Ndb6 27. Qd2 Qf6 28. Kg2 Nxc4 29. Nxc4 Nb6 30. Ne3 Qg5 31. Nf1 Qf6 32. Ne3 Qg5 33. Nf1 Qf6 34. Ne3 Qg5 1/2-1/2

[Event "Madrid-chT 1314"]
[Site "Madrid"]
[Date "2014.01.25"]
[Round "7.43"]
[White "Bermejo Martinez, Jorge"]
[Black "Jimenez Lopez, Antonio"]
[Result "1-0"]
[WhiteElo "2309"]
[BlackElo "2107"]
[PlyCount "99"]
[EventDate "2013.11.16"]
[EventType "team-tourn"]
[EventRounds "14"]
[EventCountry "ESP"]
[SourceTitle "EXT 2015"]
[Source "ChessBase"]
[SourceDate "2014.11.20"]
[SourceVersion "1"]
[SourceVersionDate "2014.11.20"]
[SourceQuality "1"]
[WhiteTeam "Villalba 64"]
[BlackTeam "San Fernando de Henares"]
[WhiteTeamCountry "ESP"]
[BlackTeamCountry "ESP"]

1. d4 Nf6 2. c4 g6 3. Nc3 Bg7 4. Nf3 d6 5. g3 0-0 6. Bg2 Nbd7 7. 0-0 e5 8. e4 exd4 9. Nxd4 Re8 10. h3 a6 11. Re1 Ne5 12. b3 Rb8 13. Bb2 c5 14. Nc2 b5 15. f4 Ned7 16. cxb5 axb5 17. Qxd6 b4 18. Na4 c4 19. Rad1 Bf8 20. Qd4 c3 21. Bc1 Qa5 22. Be3 Rd8 23. e5 Nh5 24. g4 Ng7 25. Qa7 Ba6 26. Rxd7 Rxd7 27. Qxd7 Bb5 28. Qa7 Qxa7 29. Bxa7 Rd8 30. Bc5 Bxa4 31. Bxf8 Bxb3 32. axb3 Kxf8 33. Nxb4 Rb8 34. Nd5 Rxb3 35. Rc1 Ne6 36. Kh2 h5 37. gxh5 gxh5 38. Be4 h4 39. f5 Rb2+ 40. Kh1 Nc5 41. Nxc3 Nd7 42. e6 fxe6 43. fxe6 Nf6 44. Bf5 Rf2 45. Be4 Nh5 46. Kg1 Rf6 47. Rf1 Nf4 48. Rxf4 Rxf4 49. e7+ Kf7 50. Bg6+ 1-0

[Event "Madrid-chT 1314"]
[Site "Madrid"]
[Date "2013.11.23"]
[Round "2.23"]
[White "Fernandez Barrera, Victor"]
[Black "Jimenez Lopez, Antonio"]
[Result "1/2-1/2"]
[WhiteElo "2313"]
[BlackElo "2107"]
[PlyCount "47"]
[EventDate "2013.11.16"]
[EventType "team-tourn"]
[EventRounds "14"]
[EventCountry "ESP"]
[SourceTitle "EXT 2015"]
[Source "ChessBase"]
[SourceDate "2014.11.20"]
[SourceVersion "1"]
[SourceVersionDate "2014.11.20"]
[SourceQuality "1"]
[WhiteTeam "Virgen de Atocha"]
[BlackTeam "San Fernando de Henares"]
[WhiteTeamCountry "ESP"]
[BlackTeamCountry "ESP"]

1. e4 c5 2. Nf3 e6 3. d4 cxd4 4. Nxd4 Nf6 5. Nc3 Nc6 6. Ndb5 Bb4 7. a3 Bxc3+ 8. Nxc3 d5 9. exd5 exd5 10. Bd3 d4 11. Ne2 0-0 12. 0-0 Re8 13. b4 Bg4 14. Bb2 Nd5 15. Qd2 Bxe2 16. Bxe2 Nc3 17. Bf3 Ne5 18. Qf4 Nxf3+ 19. Qxf3 Ne2+ 20. Kh1 Qc7 21. Qd3 Rac8 22. Rfe1 Qc4 23. Qd2 Re6 24. Red1 1/2-1/2

[Event "ESP-ch Universities"]
[Site "Madrid"]
[Date "2008.05.10"]
[Round "7"]
[White "Martinez Martin, Inigo"]
[Black "Jimenez Lopez, Antonio"]
[Result "1-0"]
[WhiteElo "2228"]
[BlackElo "2146"]
[PlyCount "57"]
[EventDate "2008.05.08"]
[EventType "swiss"]
[EventRounds "9"]
[EventCountry "ESP"]
[SourceTitle "CBM 124 Extra"]
[Source "ChessBase"]
[SourceDate "2008.07.03"]
[SourceVersion "1"]
[SourceVersionDate "2008.07.03"]
[SourceQuality "1"]

1. e4 c5 2. Nf3 e6 3. c3 d5 4. exd5 exd5 5. d4 c4 6. b3 b5 7. a4 Bd6 8. axb5 Qe7+ 9. Qe2 cxb3 10. Qxe7+ Nxe7 11. Nbd2 Bg4 12. Be2 Nd7 13. Nxb3 0-0 14. Ba3 Bxa3 15. Rxa3 Rfc8 16. Nbd2 Nb6 17. 0-0 Nf5 18. Rfa1 Nd6 19. Bd3 f6 20. h3 Bd7 21. Rxa7 Rxa7 22. Rxa7 Rxc3 23. Bf1 Bxb5 24. Bxb5 Nxb5 25. Rb7 Rc6 26. Nb3 Nd6 27. Rb8+ Kf7 28. Nc5 Rc8 29. Rxb6 1-0

[Event "ESP-ch Student"]
[Site "Cartagena"]
[Date "2007.05.08"]
[Round "3"]
[White "Jimenez Lopez, Antonio"]
[Black "Lopez del Alamo, Antonio"]
[Result "0-1"]
[WhiteElo "2131"]
[BlackElo "2289"]
[PlyCount "72"]
[EventDate "2007.05.06"]
[EventType "swiss"]
[EventRounds "9"]
[EventCountry "ESP"]
[SourceTitle "CBM 118 Extra"]
[Source "ChessBase"]
[SourceDate "2007.07.04"]
[SourceVersion "1"]
[SourceVersionDate "2007.07.04"]
[SourceQuality "1"]

1. e4 e6 2. d3 d5 3. Nd2 c5 4. Ngf3 Nc6 5. g3 g6 6. Bg2 Bg7 7. 0-0 Nge7 8. Re1 0-0 9. e5 Qc7 10. Qe2 g5 11. Nxg5 Qxe5 12. Qxe5 Bxe5 13. c3 b6 14. Ndf3 Bg7 15. Bf4 Ng6 16. Be3 h6 17. Nh3 e5 18. Rad1 Bg4 19. Bc1 Rad8 20. Kf1 f5 21. Rd2 e4 22. Nfg1 Nce5 23. d4 cxd4 24. Rxd4 Nd3 25. Rxd3 exd3 26. f3 Bh5 27. Nf2 Ne5 28. Bf4 Nc4 29. Nxd3 d4 30. Ne5 Nxe5 31. Bxe5 Bxe5 32. Rxe5 Bf7 33. cxd4 Rxd4 34. b3 Re8 35. Rxe8+ Bxe8 36. Ke1 Bb5 0-1

[Event "ESP-ch U16"]
[Site "Oropesa del Mar"]
[Date "2001.07.04"]
[Round "5.1"]
[White "Jimenez Lopez, Antonio"]
[Black "Alvarez Fernandez, Enrique"]
[Result "1-0"]
[WhiteElo "2070"]
[BlackElo "2172"]
[PlyCount "47"]
[EventDate "2001.07.01"]
[EventType "swiss"]
[EventRounds "8"]
[EventCountry "ESP"]
[SourceTitle "EXT 2002"]
[Source "ChessBase"]
[SourceDate "2001.11.25"]
[SourceVersion "1"]
[SourceVersionDate "2001.11.25"]
[SourceQuality "1"]

1. e4 c5 2. Nf3 e6 3. d3 d5 4. Nbd2 Nf6 5. g3 Nc6 6. Bg2 Be7 7. 0-0 0-0 8. e5 Nd7 9. Re1 Qc7 10. Qe2 Nb4 11. Nf1 b5 12. h4 Bb7 13. c3 Nc6 14. Bf4 a5 15. N1h2 b4 16. Ng5 h6 17. Nh3 Rfc8 18. Bxd5 exd5 19. e6 Bd6 20. exf7+ Kf8 21. Bxh6 gxh6 22. Qh5 Be5 23. Ng4 Bg7 24. Nf4 1-0

[Event "ESP-ch U16"]
[Site "Oropesa del Mar"]
[Date "2001.07.03"]
[Round "4.2"]
[White "Moreno Tejera, Emilio"]
[Black "Jimenez Lopez, Antonio"]
[Result "0-1"]
[WhiteElo "2290"]
[BlackElo "2070"]
[PlyCount "54"]
[EventDate "2001.07.01"]
[EventType "swiss"]
[EventRounds "8"]
[EventCountry "ESP"]
[SourceTitle "EXT 2002"]
[Source "ChessBase"]
[SourceDate "2001.11.25"]
[SourceVersion "1"]
[SourceVersionDate "2001.11.25"]
[SourceQuality "1"]

1. e4 c5 2. Nc3 e6 3. Nf3 Nc6 4. Bb5 Nge7 5. 0-0 g6 6. e5 Bg7 7. Re1 Nd4 8. d3 0-0 9. a4 a6 10. Bc4 Nec6 11. Bf4 Qc7 12. Ne4 Nxf3+ 13. Qxf3 Nxe5 14. Qg3 d5 15. Nd2 dxc4 16. Rxe5 cxd3 17. cxd3 Qc6 18. Rh5 f6 19. Bh6 Rf7 20. Bxg7 Rxg7 21. Rh4 e5 22. f4 exf4 23. Rxf4 Bf5 24. Rc1 Rd8 25. Ne4 Bxe4 26. dxe4 Qxa4 27. e5 Rd1+ 0-1